LIBRARY & INFORMATION CENTRE, KCAET, TAVANUR

ONLINE PUBLIC ACCESS CATALOGUE (OPAC)

Normal view MARC view
  • Abdul Hakkim, V.M.(Guide)

Entry Personal Name

Number of records used in: 3

001 - CONTROL NUMBER

  • control field: 3780

003 - CONTROL NUMBER IDENTIFIER

  • control field: OSt

005 - DATE AND TIME OF LATEST TRANSACTION

  • control field: 20181024151109.0

008 - FIXED-LENGTH DATA ELEMENTS

  • fixed length control field: 181024|| aca||aabn | a|a d

040 ## - CATALOGING SOURCE

  • Original cataloging agency: OSt
  • Transcribing agency: OSt

100 ## - HEADING--PERSONAL NAME

  • Personal name: Abdul Hakkim, V.M.(Guide)

670 ## - SOURCE DATA FOUND

  • Source citation: Work cat.: (OSt): SHAHEEMATH SUHARA K K 3779, SOIL EROSION RISK ASSESSMENT IN KUNTHIPPUZHA SUB-WATERSHED USING REMOTE SENSING AND GIS, 2018
free website counter